• 首页
  • 本馆介绍
  • 公告通知
  • 最新文献
  • 馆藏检索
  • 电子资源
  • 读者导购
  • 参考咨询
  • 我的图书馆
  • 登录
  • 详细信息显示
  • 放入我的书架
  • 预约/预借图书
  • 作者相关作品
  • 分类相关作品
  • 丛书相关作品
  • 出版社相关作品

书目信息

  • 表格格式
  • 工作单格式
  • 卡片格式
题名:
思想录
    
 
作者: 帕斯卡 著 ;张志强 , 李德谋 编译
分册:  
出版信息: 重庆   重庆出版社  2006
页数: 217页
开本: 24cm
丛书名: 文化伟人代表作图释书系
单 册:
中图分类: B565.23
科图分类:
主题词: 哲学思想
电子资源:
ISBN: 7-5366-7767-7
000 01075oam2 2200289 450
001 1161056713
005 20111003165810.56
010    @a7-5366-7767-7@dCNY46.00
100    @a20060210d2006 em y0chiy50 ea
101 1  @achi@cfre
102    @aCN@b500000
105    @aa z 000yy
200 1  @a思想录@9si xiang lu@dLes pensees@e缩译彩图本@f(法)帕斯卡尔著@g张志强,李德谋编译@zfre
210    @a重庆@c重庆出版社@d2006
215    @a217页@c图@d24cm
225 2  @a文化伟人代表作图释书系
330    @a帕斯卡尔在笛卡尔理性主义哲学之外另辟蹊径,一方面以理性主义来批判现实,另一方面又指出理性本身的内在矛盾及其局限。作者考察了人的本性以及社会、历史、哲学、宗教等诸多问题,并阐述其神学思想。
461  0 @12001 @a文化伟人代表作图释书系
510 1  @aPensees@zfre
600  0 @a哲学思想@y法国@z17世纪
606 0  @a哲学思想
690    @aB565.23@v4
701  0 @c(法)@a帕斯卡@9pa si ka@c(Pascal, Blaise@f1623~1662)@4著
702  0 @a张志强@9zhang zhi qiang@c(翻译)@4编译
702  0 @a李德谋@9li de mou@4编译
801  0 @aCN@b91MARC@c20101222
905    @a10447@dB565.23@eJY61
    
    思想录=Les pensees:缩译彩图本/(法)帕斯卡尔著/张志强,李德谋编译.-重庆:重庆出版社,2006
    217页:图;24cm.-(文化伟人代表作图释书系)
    
    
    ISBN 7-5366-7767-7:CNY46.00
    帕斯卡尔在笛卡尔理性主义哲学之外另辟蹊径,一方面以理性主义来批判现实,另一方面又指出理性本身的内在矛盾及其局限。作者考察了人的本性以及社会、历史、哲学、宗教等诸多问题,并阐述其神学思想。
●
相关链接 在E读中查询图书 在五车中查询图书 在当当中查询图书 在豆瓣中查询图书


正题名:思想录     索取号:B565.23/JY61         预约/预借

序号 登录号 条形码 馆藏地/架位号 状态 备注
1 7824916   278249165   学院路分馆/ [索取号:B565.23/JY61] 在馆    
2 7824917   278249174   学院路分馆/ [索取号:B565.23/JY61] 在馆    
唐山师范学院图书馆 欢迎您!
大连网信软件有限公司© 版权所有